|
|
|
|
| LEADER |
02036nam a2200529 a 4500 |
| 001 |
nkc20061639656 |
| 003 |
CZ PrNK |
| 005 |
20180327081827.0 |
| 007 |
ta |
| 008 |
060125s2005 xr e e 000 0 cze |
| 015 |
|
|
|a cnb001639656
|
| 020 |
|
|
|a 80-86734-86-2
|q (brož.)
|
| 035 |
|
|
|a (OCoLC)85718164
|
| 040 |
|
|
|a BOA001
|b cze
|d ABA001
|
| 043 |
|
|
|a e------
|
| 072 |
|
7 |
|a 342
|x Ústavní právo. Správní právo
|2 Konspekt
|9 16
|
| 080 |
|
|
|a 342.4
|2 MRF
|
| 080 |
|
|
|a 342
|2 MRF
|
| 080 |
|
|
|a 341.24
|2 MRF
|
| 080 |
|
|
|a (4)
|2 MRF
|
| 080 |
|
|
|a (038.072)
|2 MRF
|
| 080 |
|
|
|a (035)
|2 MRF
|
| 245 |
0 |
0 |
|a Argumentář ke Smlouvě o Ústavě pro Evropu /
|c [autorský tým Institutu pro evropskou politiku EUROPEUM: Jan Bureš ... et al.]
|
| 250 |
|
|
|a Vyd. 1.
|
| 260 |
|
|
|a Praha :
|b Úřad vlády České republiky,
|c 2005
|
| 300 |
|
|
|a 93 s. ;
|c 24 cm
|
| 500 |
|
|
|a Na obálce: zaostřeno na Evropu
|
| 504 |
|
|
|a Obsahuje bibliografie
|
| 650 |
0 |
7 |
|a ústava
|7 ph117714
|z země Evropské unie
|2 czenas
|
| 650 |
0 |
7 |
|a ústavní právo
|7 ph116908
|z země Evropské unie
|2 czenas
|
| 650 |
0 |
7 |
|a mezinárodní smlouvy
|7 ph122825
|z země Evropské unie
|2 czenas
|
| 650 |
0 |
9 |
|a constitution
|z European Union countries
|2 eczenas
|
| 650 |
0 |
9 |
|a constitutional law
|z European Union countries
|2 eczenas
|
| 650 |
0 |
9 |
|a international treaties
|z European Union countries
|2 eczenas
|
| 655 |
|
7 |
|a výkladové slovníky
|7 fd133855
|2 czenas
|
| 655 |
|
7 |
|a příručky
|7 fd133209
|2 czenas
|
| 655 |
|
9 |
|a explanatory dictionaries
|2 eczenas
|
| 655 |
|
9 |
|a handbooks and manuals
|2 eczenas
|
| 700 |
1 |
|
|a Bureš, Jan,
|d 1975-
|7 jx20050826005
|4 aut
|
| 710 |
2 |
|
|a Institut pro evropskou politiku EUROPEUM
|7 kn20050401006
|
| 730 |
0 |
|
|a Treaty Establishing a Constitution for Europe
|d (2004 říjen 29.).
|l Česky
|7 unn2018987108
|
| 740 |
0 |
2 |
|a Smlouva o Ústavě pro Evropu
|
| 910 |
2 |
|
|a BOA001
|b 2-1167.310
|
| 990 |
|
|
|a BK
|
| 995 |
|
|
|a 01
|
| 991 |
|
|
|b 200605
|c NOV
|
| 996 |
6 |
|
|b 2610277525
|c 2-1167.310
|l MZK
|r Sklad / do 1 hodiny
|n 10
|p p.v.
|w 000813567
|u 000010
|a 1
|e BOA001
|j MZK50
|s P
|